Normal view MARC view
  • SILVERMAN,RICHARD B. AND HOLLADAY,MARK W

Entry Personal Name

Number of records used in: 1

001 - CONTROL NUMBER

  • control field: 7682

003 - CONTROL NUMBER IDENTIFIER

  • control field: JRU

005 - DATE AND TIME OF LATEST TRANSACTION

  • control field: 20230403144048.0

008 - FIXED-LENGTH DATA ELEMENTS

  • fixed length control field: 230403|| aca||aabn | a|a d

040 ## - CATALOGING SOURCE

  • Original cataloging agency: JRU
  • Transcribing agency: JRU

100 ## - HEADING--PERSONAL NAME

  • Personal name: SILVERMAN,RICHARD B. AND HOLLADAY,MARK W

670 ## - SOURCE DATA FOUND

  • Source citation: Work cat.: (JRU)8253: SILVERMAN,RICHARD B. AND HOLLADAY,MARK W, THE ORGANIC CHEMISTRY OF DRUG DESIGN AND DRUG ACTION , 2022